Canadian Provinces and Territories by Picture - Statistics

General Stats
  • This quiz has been taken 23 times
  • The average score is 8 of 13
Answer Stats
Picture Answer % Correct
Ontario
100%
Nova Scotia
81%
British Columbia
75%
Quebec
75%
New Brunswick
63%
Yukon
63%
Alberta
56%
Newfoundland and Labrador
56%
Nunavut
50%
Saskatchewan
50%
Prince Edward Island
44%
Manitoba
25%
Northwest Territories
25%
No matching quizzes found
Score Distribution
Percent of People with Each Score
Percentile by Number Answered
Your Score History
You have not taken this quiz